Statistics for UEFA Nations League Top 4

Click here to take the quiz!

General Stats

  • This quiz has been taken 93 times
  • The average score is 8 of 9

Answer Stats

# of appearencesTeam% Correct
1France
100%
2Italy
99%
2Spain
99%
1Portugal
97%
1England
96%
2Netherlands
96%
1Croatia
93%
1Belgium
88%
1Switzerland
75%

Score Distribution

Percentile by Number Answered

Percent of People with Each Score

Your Score History

You have not taken this quiz